| 000 | 00000nam 2200000zi 4500 |
| 001 | 9.931894 |
| 003 | CaOODSP |
| 005 | 20241119112318 |
| 006 | m o d f |
| 007 | cr |n||||||||| |
| 008 | 231229e198411##quc o f|0| 0 fre d |
| 040 | |aCaOODSP|bfre|erda|cCaOODSP |
| 043 | |an-cn-qu |
| 086 | 1 |aCW66-1451/1984F-PDF |
| 100 | 1 |aLehoux, Denis, |eauteur. |
| 245 | 10|aEffets du plan de gestion des niveaux du Lac Saint-Louis sur l'écologie de reproduction des canards sur les Îles de la Paix / |cpar Denis Lehoux. |
| 264 | 1|a[Sainte-Foy, Québec] : |bEnvironnement Canada, Service canadien de la faune, |cnovembre 1984. |
| 300 | |a1 ressource en ligne (12 pages) |
| 336 | |atexte|btxt|2rdacontent/fre |
| 337 | |ainformatique|bc|2rdamedia/fre |
| 338 | |aressource en ligne|bcr|2rdacarrier/fre |
| 500 | |aÉdition numérisée de l’imprimé [par Environnement et changement climatique Canada]. |
| 650 | 0|aDucks|zQuébec (Province)|xReproduction. |
| 650 | 0|aDucks|xHabitat|zQuébec (Province) |
| 650 | 0|aWater levels|zQuébec (Province)|zSaint Louis, Lake. |
| 650 | 6|aCanards|zQuébec (Province)|xReproduction. |
| 650 | 6|aCanards|xHabitat|zQuébec (Province) |
| 650 | 6|aNiveau des eaux|zQuébec (Province)|zSaint-Louis, Lac (Roussillon) |
| 710 | 1 |aCanada. |bEnvironnement Canada, |eorganisme de publication. |
| 710 | 2 |aService canadien de la faune, |eorganisme de publication. |
| 856 | 40|qPDF|s259 Ko|uhttps://publications.gc.ca/collections/collection_2024/eccc/cw66/CW66-1451-1984-fra.pdf |